000 00224nam a22000977a 4500
999 _c263503
_d263502
020 _a9780810997226
100 _a Laura Lee Gulledge.
245 _aPage by Paige
260 _aNew York
_b Amulet Books,
_c2011.
942 _cBK